[Event "I Bahia Feliz GM"]
[Site "Bahia Feliz ESP"]
[Date "2011.05.12"]
[Round "1"]
[White "Kindermann,S"]
[Black "Ragger,M"]
[Result "0-1"]
[WhiteElo "2515"]
[BlackElo "2674"]

1.e4 c5 2.Nf3 d6 3.Bb5+ Nd7 4.d4 cxd4 5.Qxd4 a6 6.Bxd7+ Bxd7 7.Bg5 Rc8 8.O-O h6
9.Bh4 Nf6 10.Bxf6 gxf6 11.c4 Bg7 12.Nc3 O-O 13.Qd3 Re8 14.Rac1 Qa5 15.Nd4 e6
16.Rfd1 Bf8 17.Qe2 Kh8 18.b3 Be7 19.Nf3 Bc6 20.Rd3 Rg8 21.Nd5 Bf8 22.Nxf6 Rg6
23.b4 Qxb4 24.Nh5 Be7 25.Nd4 Rcg8 26.g3 Qc5 27.Nxc6 bxc6 28.Qb2+ e5 29.Rf3 f6
30.Qb7 d5 31.exd5 cxd5 32.Qxd5 Qxd5 33.cxd5 Rd8 34.Rc7 Bd6 35.Rf7 e4 36.Rf5 e3
37.fxe3 Kg8 38.R7xf6 Rxf6 39.Nxf6+ Kg7 40.Nh5+ Kh7 41.e4 Rb8  0-1

[Event "46th Capablanca Memorial Premier"]
[Site "Havana CUB"]
[Date "2011.05.12"]
[Round "2"]
[White "Leon Hoyos,M"]
[Black "Corrales Jimenez,F"]
[Result "1/2-1/2"]
[WhiteElo "2563"]
[BlackElo "2586"]

1.e4 c5 2.Nf3 d6 3.Bb5+ Bd7 4.Bxd7+ Qxd7 5.c4 Nf6 6.Nc3 g6 7.d4 cxd4 8.Nxd4 Bg7
9.h3 O-O 10.Be3 Nc6 11.O-O Nxd4 12.Bxd4 Rfc8 13.b3 Ne8 14.Bxg7 Nxg7 15.e5 Ne8
16.Re1 e6 17.exd6 Qxd6 18.Ne4 Qxd1 19.Raxd1 Rd8  1/2-1/2

[Event "64th Otwarte Open A"]
[Site "Warsaw POL"]
[Date "2011.05.12"]
[Round "6.1"]
[White "Strzemiecki,Z"]
[Black "Leniart,A"]
[Result "1/2-1/2"]
[WhiteElo "2422"]
[BlackElo "2444"]

1.e4 c5 2.Nf3 d6 3.Bb5+ Nc6 4.O-O Bd7 5.c3 a6 6.Ba4 Nf6 7.Bc2 Qc7 8.d4 cxd4
9.cxd4 Nb4 10.Nc3 Nxc2 11.Qxc2 d5 12.exd5 Nxd5 13.Ne5 e6 14.Qb3 Nxc3 15.bxc3 Bc6
16.Ba3 Bxa3 17.Qxa3 Qe7 18.Qa5 Rc8 19.Nxc6 Rxc6 20.Rab1 O-O 21.Rb3 Qc7 22.Qxc7 Rxc7
23.a4 Rfc8 24.Rc1 Rc4 25.Rxb7 Rxd4 26.Ra1 Rdc4 27.Ra3 g6  1/2-1/2

[Event "FSGM May"]
[Site "Budapest HUN"]
[Date "2011.05.13"]
[Round "8.3"]
[White "Chernyshov,K"]
[Black "Rodriguez Lopez,Ra"]
[Result "0-1"]
[WhiteElo "2564"]
[BlackElo "2320"]

1.e4 c5 2.Nf3 d6 3.Bb5+ Bd7 4.a4 Nc6 5.O-O g6 6.Re1 Bg7 7.c3 a6 8.Bc4 Nf6
9.d4 cxd4 10.cxd4 Bg4 11.Nc3 Bxf3 12.gxf3 O-O 13.d5 Ne5 14.Bf1 Rc8 15.Be3 Nc4
16.Bd4 Nh5 17.Bxg7 Kxg7 18.Qd4+ Ne5 19.Qe3 Kg8 20.f4 Nc4 21.Bxc4 Rxc4 22.b3 Rc5
23.Ne2 Qd7 24.f3 Rfc8 25.Rac1 Qh3 26.Rxc5 Rxc5 27.Rc1 Rxc1+ 28.Nxc1 Qc8 29.Ne2 Qc2
30.Ng3 Qd1+ 31.Kg2 Qc2+ 32.Kh3 Qd3 33.Qxd3 Nxf4+ 34.Kg4 Nxd3 35.Ne2 Nc5 36.Nd4 a5
37.Kf4 Kf8 38.Ke3 e5 39.dxe6 fxe6 40.f4 Ke7 41.e5 dxe5 42.fxe5 g5 43.Kf3 Kf7
44.Kg4 Kg6 45.h3 h6 46.Kf3 Kh5 47.Kg3 Kg6 48.Kg4 Nd7 49.Nxe6 Nxe5+ 50.Kg3 Kf5
51.Nc5 b6 52.Na6 Nd3 53.Nc7 Nc5 54.Nd5 Nd7 55.b4 Ke5 56.Nxb6 Nxb6 57.bxa5 Nxa4
58.Kg4 Kf6 59.Kh5 Kg7 60.a6 Nb6 61.a7 Na8 62.h4 Kf6 63.Kg4 Kg6 64.hxg5 hxg5
65.Kf3 Kf5 66.Kg3 g4  0-1

[Event "Sten Open"]
[Site "Hradec Kralove CZE"]
[Date "2011.05.13"]
[Round "7"]
[White "Chudinovskikh,A"]
[Black "Cizinsky,P"]
[Result "1-0"]
[WhiteElo "2270"]
[BlackElo "2158"]

1.e4 c5 2.Nf3 d6 3.Bb5+ Bd7 4.Bxd7+ Qxd7 5.O-O Nc6 6.c4 g6 7.d4 cxd4 8.Nxd4 Bg7
9.Nc2 Ne5 10.Qe2 Rc8 11.Nba3 Qc6 12.Nd4 Qa6 13.Ndb5 Kf8 14.Be3 Nxc4 15.Rac1 Bxb2
16.Rxc4 Rxc4 17.Nxc4 Qxb5 18.Qxb2 Qxb2 19.Nxb2 Nf6 20.Rc1 Kg7 21.Rc7 e5 22.f3 d5
23.Bg5 Ne8 24.Rxb7 dxe4 25.Rxa7 exf3 26.gxf3 Nd6 27.Ra6 h6 28.Be7 Ne8 29.Nc4  1-0

[Event "4th Marko Jaric Mem"]
[Site "Stari Mikanovci CRO"]
[Date "2011.05.14"]
[Round "3"]
[White "Zelcic,R"]
[Black "Brkic,A"]
[Result "1/2-1/2"]
[WhiteElo "2557"]
[BlackElo "2588"]

1.e4 c5 2.Nf3 d6 3.Bb5+ Nc6 4.O-O Bd7 5.Re1 Nf6 6.c3 a6 7.Bf1 Bg4 8.h3 Bh5
9.g4 Bg6 10.d4 cxd4 11.cxd4 e6 12.Nc3 d5 13.exd5 Nxd5 14.Nxd5 Qxd5 15.Bg2 Bb4
16.Ne5 Qd6 17.Bf4 Nxe5 18.Bxe5 Qe7 19.Bxg7 Rg8 20.Bf6 Qxf6 21.Qa4+ Kf8 22.Qxb4+ Kg7
23.Rad1 h5 24.d5 hxg4 25.hxg4 exd5 26.Rxd5 Rge8 27.b3 Rac8 28.Qd4 Rxe1+ 29.Bf1 Be4
30.Re5 Bd3 31.Rg5+ Bg6 32.Rd5 Be4 33.Rg5+ Bg6 34.Rd5 Be4 35.Rg5+  1/2-1/2

[Event "TCh-UKR Clubs 2011"]
[Site "Alushta UKR"]
[Date "2011.05.15"]
[Round "3.3"]
[White "Smolin,Dmy"]
[Black "Kucherenko,D"]
[Result "1/2-1/2"]
[WhiteElo "2097"]
[BlackElo "2364"]

1.e4 c5 2.Nf3 d6 3.Bb5+ Nc6 4.O-O Bd7 5.c3 Nf6 6.Re1 a6 7.Bf1 e5 8.h3 Be7
9.d4 Qc7 10.Na3 b5 11.Nc2 Qb7 12.Bg5 Rd8 13.Qe2 O-O 14.a4 Rb8 15.axb5 axb5
16.b4 c4 17.dxe5 dxe5 18.Bxf6 Bxf6 19.Ne3 g6 20.Nd5 Bg7 21.g4 f5 22.gxf5 gxf5
23.Bg2 Rbe8 24.exf5 Bxf5 25.Qe3 Kh8 26.Nd2 e4 27.Nxe4 Re5 28.Nc5 Qf7 29.Qf3 Rxe1+
30.Rxe1 Ne5 31.Qg3 Re8 32.f4 Nd3 33.Rxe8+ Qxe8 34.Qe3 Qh5 35.Bf3 Qg6+ 36.Kh2 Qf7
37.Be4 Bxe4 38.Qxe4 Nf2 39.Qe6 Qf8 40.f5 Nd3 41.f6 Qb8+ 42.Kg2 Bf8 43.Nxd3 cxd3
44.f7 d2 45.Qe2 Qd6 46.Qxd2 Qg6+ 47.Kf3 Qxf7+ 48.Nf4 Qb7+ 49.Qd5 Qc8 50.Qd3 Bg7
51.Kg2 Bxc3 52.Qxb5 Qg8+ 53.Kf3 Qf8 54.Qc5 Bxb4 55.Qxf8+ Bxf8 56.Kg4  1/2-1/2

[Event "ch-KAZ 2011"]
[Site "Astana KAZ"]
[Date "2011.05.15"]
[Round "1"]
[White "Karayev,A"]
[Black "Khusnutdinov,R"]
[Result "0-1"]
[WhiteElo "2284"]
[BlackElo "2508"]

1.e4 c5 2.Nf3 d6 3.Bb5+ Nc6 4.O-O Bd7 5.Re1 Nf6 6.c3 a6 7.Bf1 Bg4 8.d3 e6
9.Nbd2 Be7 10.Nc4 d5 11.Ne3 Bh5 12.exd5 Nxd5 13.Nxd5 Qxd5 14.Qb3 Bxf3 15.gxf3 Qd7
16.f4 O-O 17.Qb6 Bd6 18.Be3 Rfd8 19.Bg2 Rac8 20.Rad1 Qe7 21.h3 Rd7 22.a3 Qd8
23.Qxd8+ Rcxd8 24.b4 cxb4 25.axb4 Ne7 26.Rb1 Ng6 27.f5 exf5 28.b5 Rc8 29.bxa6 bxa6
30.c4 a5 31.Rb5 Bb4 32.Rc1 Rxd3 33.Bb6 Rc3 34.Rxc3 Bxc3 35.Bxa5 Bxa5 36.Rxa5 Rxc4
37.Rxf5 Ne7 38.Re5 Kf8 39.Bf1 Rc7 40.Bd3 g6 41.Kg2 Kg7 42.Ra5 Ng8 43.Be2 Nf6
44.Bf3 Rc4 45.Rb5 h6 46.Be2 Rd4 47.Rc5 Rd7 48.Bf3 Nh7 49.Rd5 Ra7 50.Rb5 Ng5
51.Bd5 Ra4 52.Kg3 Ra3+ 53.f3 Rd3 54.h4 Nh7 55.Be4 Rd2 56.Rd5 Rb2 57.Rc5 Nf6
58.Bc2 Nh5+ 59.Kh3 Kf6 60.Rc7 Ke5 61.Kg2 Nf4+ 62.Kg3 Ne2+ 63.Kh3 Nd4 64.Ba4 f5
65.Rc5+ Kf4 66.Rc4 Ke3 67.Rc3+ Kf2 68.Bd1 Ne2 69.Ra3 Ng1+ 70.Kh2  0-1

[Event "Sten Open"]
[Site "Hradec Kralove CZE"]
[Date "2011.05.15"]
[Round "9"]
[White "Chudinovskikh,A"]
[Black "Jedlicka,A"]
[Result "1-0"]
[WhiteElo "2270"]
[BlackElo "2288"]

1.e4 c5 2.Nf3 d6 3.Bb5+ Bd7 4.Bxd7+ Qxd7 5.c4 Nc6 6.d4 cxd4 7.Nxd4 g6 8.Nc3 Bg7
9.Be3 Nf6 10.h3 O-O 11.O-O Rac8 12.b3 a6 13.a4 e6 14.Qf3 Qc7 15.Rac1 Nd7
16.Rfd1 Nxd4 17.Bxd4 Bxd4 18.Rxd4 Qb6 19.Ne2 Nc5 20.Rc3 Qb4 21.Ng3 e5 22.Rd1 Ne6
23.Rcd3 Rc6 24.Qf6 Nf4 25.Rf3 Re8 26.Qg5 Re6 27.Qd8+ Kg7 28.Kf1 Qc5 29.Rd5 Qb6
30.Qxb6 Rxb6 31.Rd2 Rb4 32.Rc3 b5 33.cxb5 axb5 34.a5 Rd4 35.Rxd4 exd4 36.Rf3 g5
37.Nf5+ Kf8 38.Nxd4 Rxe4 39.Nc6 Re2 40.Rxf4 Rc2 41.Rf5 Rxc6 42.Rxg5 b4 43.Rb5 Rc1+
44.Ke2 Rc2+ 45.Kd1 Ra2 46.Kc1 Ke7 47.Kb1 Rxf2 48.Rxb4 Rxg2 49.Rb8 Rg1+ 50.Kb2 Rg2+
51.Ka3 Rg1 52.Kb4 f5 53.Rb5 Ke6 54.a6 Rg8 55.a7 Ra8 56.Ra5 f4 57.Kc3 d5 58.Kd4 f3
59.Ke3 Ke5 60.Ra4 d4+ 61.Kxf3 Kd5 62.Ra5+ Kc6 63.Ke4 Kb6 64.b4 d3 65.Kxd3 Rxa7
66.Rxa7 Kxa7 67.h4 Kb6 68.h5 Kb5 69.Kc3 h6 70.Kb3 Kb6 71.Kc4 Kc6 72.Kd4 Kd6
73.Ke4 Ke6 74.b5  1-0

[Event "TCh-NED"]
[Site "Netherlands NED"]
[Date "2011.05.15"]
[Round "9"]
[White "Martens,M"]
[Black "Smeets,J"]
[Result "1/2-1/2"]
[WhiteElo "2431"]
[BlackElo "2669"]

1.e4 c5 2.Nf3 d6 3.Bb5+ Nc6 4.O-O Bd7 5.Re1 Nf6 6.c3 a6 7.Bf1 Bg4 8.h3 Bxf3
9.Qxf3 g6 10.d3 Bg7 11.Be3 O-O 12.Nd2 Rc8 13.Qd1 Nd7 14.Nf3 Nde5 15.Nh2 b5
16.a3 e6 17.f4 Nd7 18.Nf3 Nf6 19.Bf2 Qc7 20.g3 Rfd8 21.Qe2 a5 22.Rec1 b4
23.axb4 axb4 24.cxb4 Nxb4 25.e5 Nd7 26.d4 Bf8 27.Ra4 Rb8 28.exd6 Bxd6 29.Ne5 Nxe5
30.dxe5 Bf8 31.Ra3 Nd5 32.Rd3 h5 33.h4 Rb4 34.Rd2 Nb6 35.Rdc2 c4 36.Qe3 Qb8
37.Qf3 Rb3 38.Qe4 Kg7 39.Rb1 Rb4 40.Qf3 Qc7 41.Rbc1 Bc5 42.Kh2 Bxf2 43.Qxf2 Rc8
44.Qd4 Rd8 45.Qf2 Rd5 46.Rd2 Rdb5 47.Rcc2 Qb8 48.Qd4 Rd5 49.Qf2 Qc7 50.Rxd5 Nxd5
51.Bg2 Ne7 52.Qd2 Rb3 53.Be4 Qc5 54.Qe2 Rb4 55.Rd2 Ng8 56.Bg2 Nh6 57.Bh3 Qb6
58.Rc2 Qb5 59.Kh1 Rb3 60.Kh2 Rd3 61.Rd2 Qb3 62.Qf2 Qb4 63.Rc2 Qb5 64.Rd2 Qd5
65.Rc2 Rd1 66.Qg2 Qd3 67.Qe2 Qd4 68.Qf2 Qe4 69.Qg2 Qe1 70.Re2 Qb4 71.Rc2 Rd4
72.Qf2 Rd3 73.Re2 Qb3 74.Rd2 Qa2 75.Rc2 Qa4 76.Rd2 Qa1 77.Qe2 Qb1 78.Qf2 Qc1
79.Rc2 Qd1 80.Qe2 Qb1 81.Rxc4 Rd1 82.Qg2 Qd3 83.Rc2 Qd4 84.Re2 Rd3 85.Rc2 Qb4
86.Re2 Qb3 87.Rd2 Re3 88.Qf2 Re4 89.Qg2 Ra4 90.Qe2 Ra1 91.Qg2 Qb6 92.Rc2 Rd1
93.Re2 Qd4 94.Rc2 Rd3 95.Re2 Rb3 96.Qf2 Qb4 97.Rc2 Rd3 98.Qe2  1/2-1/2

[Event "TCh-HUN 2010-11"]
[Site "Paks HUN"]
[Date "2011.05.15"]
[Round "11"]
[White "Tatar Kis,S"]
[Black "Groszpeter,A"]
[Result "0-1"]
[WhiteElo "2376"]
[BlackElo "2525"]

1.e4 c5 2.Nf3 d6 3.Bb5+ Nc6 4.O-O Bd7 5.Re1 Nf6 6.h3 a6 7.Bf1 e5 8.c3 Be7
9.d4 O-O 10.d5 Na7 11.Nxe5 dxe5 12.d6 h6 13.dxe7 Qxe7 14.Nd2 Rfd8 15.a4 b5
16.axb5 axb5 17.Qf3 Be6 18.Qg3 Nh5 19.Qe3 Nf4 20.b3 f6 21.Kh2 Bf7 22.g3 Ne6
23.Nf3 b4 24.Bc4 bxc3 25.Qxc3 Nd4 26.Ba3 Nxf3+ 27.Qxf3 Bxc4 28.bxc4 Nc6 29.Qc3 Nd4
30.Kg2 Qc7 31.Bb2 Qb7 32.f3 Rab8 33.Ra2 Qb4 34.Qxb4 Rxb4 35.Rc1 Rb3 36.Rc3 Rxc3
37.Bxc3 Nxf3 38.Ba5 Rd3 39.Bb6 Ng5 40.Bxc5 Nxe4 41.Bf2 Rc3  0-1

[Event "ch-Euro Indiv Women"]
[Site "Tbilisi GEO"]
[Date "2011.05.15"]
[Round "8"]
[White "Sedina,E"]
[Black "Dzagnidze,N"]
[Result "1/2-1/2"]
[WhiteElo "2351"]
[BlackElo "2557"]

1.e4 c5 2.Nf3 d6 3.Bb5+ Nc6 4.d4 cxd4 5.Qxd4 Bd7 6.Bxc6 Bxc6 7.Nc3 Nf6 8.Bg5 e6
9.O-O-O Be7 10.Qd3 Qa5 11.h4 h6 12.Bxf6 Bxf6 13.Nd4 O-O 14.g4 d5 15.g5 dxe4
16.Nxc6 bxc6 17.Nxe4 Rfd8 18.Nxf6+ gxf6 19.Qc4 fxg5 20.hxg5 Qxg5+ 21.f4 Rxd1+
22.Rxd1 Qf6 23.Kb1 Rd8 24.Rg1+ Kh7 25.Qe4+ Kh8 26.b3 Qd4 27.Qg2 c5 28.Qh2 Kh7
29.Rh1 Qf6 30.f5 e5 31.Re1 Re8 32.Qf2 c4 33.Qxa7 cxb3 34.axb3 Qxf5 35.Qa5 Qe6
36.Qd2 e4 37.Qf4 e3 38.Re2 f5 39.c4 Qe4+ 40.Qxe4 Rxe4 41.Kc2 f4 42.Kd3 Re8
43.c5 Kg6 44.c6 Kf5 45.c7 Kg4 46.Rc2 Rc8 47.Ke2 Kg3 48.b4 f3+ 49.Kxe3 f2
50.Rxf2 Rxc7 51.Rf6 Re7+ 52.Kd4 h5 53.Rh6 h4 54.b5 h3 55.Kd5 h2 56.b6 Re1
57.b7 Rb1  1/2-1/2

[Event "I Bahia Feliz GM"]
[Site "Bahia Feliz ESP"]
[Date "2011.05.16"]
[Round "5"]
[White "Kindermann,S"]
[Black "Mecking,H"]
[Result "1/2-1/2"]
[WhiteElo "2515"]
[BlackElo "2577"]

1.e4 c5 2.Nf3 d6 3.Bb5+ Nd7 4.d4 cxd4 5.Qxd4 a6 6.Bxd7+ Bxd7 7.Bg5 h6 8.Bh4 Rc8
9.O-O Qc7 10.e5 e6 11.Nbd2 Qc5 12.Qg4 d5 13.c4 g5 14.Bg3 Be7 15.Qh5 Kf8 16.h4 Kg7
17.cxd5 Qxd5 18.Rac1 f5 19.exf6+ Nxf6 20.Be5 Qxe5 21.Nxe5 Nxh5 22.Nxd7 Nf4
23.Rcd1 gxh4 24.Nf3 Rhd8 25.Nde5 Bf6 26.Rxd8 Rxd8 27.Re1 Rc8 28.Re4 Bg5 29.a4 Rc1+
30.Kh2 Rc2 31.Rb4 Rxf2 32.Rxb7+ Kf8 33.b4 Rxg2+ 34.Kh1 h3 35.Rb8+ Ke7 36.Rb7+ Kf8
37.Rb8+ Ke7 38.Rb7+ Kd8 39.Nf7+ Ke8 40.Nd6+ Kf8 41.b5 axb5 42.Rxb5 Ne2 43.Ne4 Be3
44.Rb3 Ba7 45.Ne5 Rg1+ 46.Kh2 Rg2+ 47.Kh1 Rg1+ 48.Kh2 Re1  1/2-1/2

[Event "ch-CZE w Playoff"]
[Site "Pardubice CZE"]
[Date "2011.05.16"]
[Round "1"]
[White "Olsarova,K"]
[Black "Havlikova,K"]
[Result "1/2-1/2"]
[WhiteElo "2242"]
[BlackElo "2288"]

1.e4 c5 2.Nf3 d6 3.Bb5+ Nc6 4.Bxc6+ bxc6 5.O-O Bg4 6.Re1 e5 7.d3 Be7 8.Nbd2 Nf6
9.h3 Bh5 10.Nf1 Nd7 11.Ng3 Bg6 12.c3 O-O 13.d4 exd4 14.cxd4 d5 15.dxc5 dxe4
16.Nxe4 Nxc5 17.Qxd8 Rfxd8 18.Nxc5 Bxc5 19.Be3 Rd5 20.Bxc5 Rxc5 21.Rac1 Rxc1
22.Rxc1 Be4 23.Nd4 Kf8 24.b4 a5 25.Nxc6 Bxc6 26.Rxc6 axb4  1/2-1/2

[Event "ch-BUL Seniors"]
[Site "Sofia BUL"]
[Date "2011.05.17"]
[Round "5.3"]
[White "Popov,Geo"]
[Black "Videnov,I"]
[Result "1-0"]
[WhiteElo "2165"]
[BlackElo "2062"]

1.e4 c5 2.Nf3 d6 3.Bb5+ Bd7 4.a4 Bxb5 5.axb5 a6 6.bxa6 b5 7.Nc3 Qb6 8.O-O Nf6
9.d3 g6 10.a7 Nc6 11.Bg5 Bg7 12.Bxf6 Bxf6 13.Nd5 Qb7 14.Nxf6+ exf6 15.Qd2 Rxa7
16.Rxa7 Qxa7 17.Qf4 Qe7 18.Ra1 O-O 19.c3 Ne5 20.Nxe5 Qxe5 21.Qxe5 fxe5 22.Ra6 Rd8
23.Rb6 b4 24.cxb4 cxb4 25.Rxb4 Kf8 26.Rb7 Rc8 27.g3 h5 28.Kg2 Kg7 29.Kf3 Rc2
30.Ke3 Rc1 31.Kd2 Rh1 32.h4 Rb1 33.d4 exd4 34.Kc2 Rf1 35.f4 Rf2+ 36.Kd3 Rf3+
37.Kxd4 Rxg3 38.Rb6 Kf6 39.Rxd6+ Ke7 40.Rc6 Rb3 41.Rc2 Rh3 42.b4 Rxh4 43.b5 Rxf4
44.b6 f5 45.b7 Rxe4+ 46.Kc5 Re5+ 47.Kc6 Re6+ 48.Kc7  1-0

[Event "ch-Euro Indiv Women"]
[Site "Tbilisi GEO"]
[Date "2011.05.17"]
[Round "10"]
[White "Bulmaga,I"]
[Black "Khukhashvili,S"]
[Result "0-1"]
[WhiteElo "2284"]
[BlackElo "2421"]

1.e4 c5 2.Nf3 d6 3.Bb5+ Nd7 4.O-O Nf6 5.Re1 a6 6.Bf1 b6 7.c4 Bb7 8.d4 cxd4
9.Nxd4 g6 10.Nc3 Bg7 11.f3 Rc8 12.a4 Ne5 13.b3 O-O 14.Be3 e6 15.Rc1 Re8 16.Nc2 Qc7
17.Qd2 Nfd7 18.Nd4 Qb8 19.Red1 Bf8 20.Kh1 Qa8 21.Bg1 Nc5 22.Rb1 Be7 23.Qa2 Ncd7
24.Qd2 Kh8 25.f4 Ng4 26.Qe2 Ngf6 27.e5 dxe5 28.fxe5 Ne4 29.Nxe4 Bxe4 30.Nc2 Nc5
31.Bd4 Kg8 32.b4 Nd7 33.Re1 Bf5 34.Rb3 a5 35.Ne3 Bxb4 36.Nxf5 exf5 37.Rd1 Qc6
38.Re3 Bc5 39.Bxc5 Nxc5 40.Rd6 Qc7 41.Rd5 Re6 42.Qf3 Rce8 43.g4 fxg4 44.Qf4 f6
45.Bg2 fxe5 46.Qxg4 e4 47.Bh3 Rd6 48.Qd1 Red8 49.Qd4 Qe7 50.Bg2 Qf8 51.h3 Qg7
52.Qxg7+ Kxg7 53.Bxe4 Nxe4 54.Rxe4 Rxd5 55.cxd5 Rxd5 56.Re6 Rd4 57.Rxb6 Rxa4
58.Kg2 h5 59.Rb7+ Kh6 60.Rb5 Ra2+ 61.Kg3 Ra3+ 62.Kg2 h4 63.Rc5 g5 64.Kh2 a4
65.Ra5 Kg6 66.Ra8 Ra2+ 67.Kg1 Kf5 68.Ra7 Ke4 69.Ra5 Kf4 70.Kh1 g4 71.hxg4 Kg3  0-1

[Event "ch-Euro Indiv Women"]
[Site "Tbilisi GEO"]
[Date "2011.05.17"]
[Round "10"]
[White "Khmiadashvili,T"]
[Black "Kakutia,A"]
[Result "1-0"]
[WhiteElo "2204"]
[BlackElo "1727"]

1.e4 c5 2.Nf3 d6 3.Bb5+ Bd7 4.a4 Nc6 5.O-O Nf6 6.d3 e6 7.c4 Be7 8.Nc3 O-O
9.Bxc6 Bxc6 10.Qe2 a6 11.Ne1 Nd7 12.f4 Bf6 13.a5 Bxc3 14.bxc3 d5 15.e5 Qc7
16.cxd5 Bxd5 17.c4 Bc6 18.Bb2 Rfe8 19.Bc3 Rad8 20.Nf3 Nb8 21.Qe3 Qe7 22.d4 Bxf3
23.gxf3 cxd4 24.Bxd4 Qb4 25.Rfc1 Nc6 26.Bc5 Qd2 27.Qxd2 Rxd2 28.Rcb1 Nd4
29.Ra3 Ne2+ 30.Kh1 Nxf4 31.Be3 Rd3 32.Rxd3 Nxd3 33.f4 Re7 34.h4 h5 35.Kg2 Rc7
36.c5 Rc6 37.Rxb7 Nxc5 38.Ra7 Nb3 39.Bb6 Nd2 40.Rxa6 Ne4 41.Kf3 Nc5 42.Ra7 g6
43.Rc7 Rxc7 44.Bxc7 Kg7 45.Ke3 f6 46.Kd4 Nb3+ 47.Kc4 Nxa5+ 48.Bxa5 fxe5 49.fxe5 g5
50.Bd8 gxh4 51.Bxh4 Kg6 52.Kc5 Kf5 53.Kd6 Kg4 54.Bd8 h4 55.Bxh4  1-0

[Event "ch-Euro Indiv Women"]
[Site "Tbilisi GEO"]
[Date "2011.05.17"]
[Round "10"]
[White "Arakhamia-Grant,K"]
[Black "Cmilyte,V"]
[Result "0-1"]
[WhiteElo "2462"]
[BlackElo "2504"]

1.e4 c5 2.Nf3 d6 3.Bb5+ Bd7 4.Bxd7+ Qxd7 5.O-O Nc6 6.c3 Nf6 7.Qe2 e6 8.d4 cxd4
9.cxd4 d5 10.e5 Ne4 11.Be3 f5 12.Nbd2 Be7 13.Nb3 O-O 14.Ne1 f4 15.Bc1 a5
16.a4 Qe8 17.Nd3 Bg5 18.Qg4 Qg6 19.f3 h5 20.Qh3 Ng3 21.hxg3 Qxd3 22.Qxe6+ Kh8
23.Qxd5 Nb4 24.Qe4 Qxb3 25.gxf4 Be7 26.f5 Qc2 27.Qxb7 Rae8 28.Be3 Qxf5 29.Rad1 Nc2
30.Bf2 Bg5 31.Qb3 Rb8 32.Qd3 Rxb2 33.Qxf5 Rxf5 34.Rb1 Rxb1 35.Rxb1 Nb4 36.Rb3 Rf8
37.Rc3 Rd8 38.Kf1 Kg8 39.g3 Nd5 40.Rc5 Bd2 41.f4 h4 42.gxh4 Nxf4 43.Rc2 Bb4
44.Be3 Rf8 45.Kg1 Nd5 46.Bg5 Bc3 47.Kh1 Rb8 48.e6 Bxd4 49.Rc6 Nf6 50.Ra6 Bc3
51.Kg2 Kh7 52.Kf3 Kg6 53.Ke3 Re8 54.Kd3 Bb4 55.Kc4 Kf5 56.Ra7 Nh5 57.e7 Nf6
58.Kb5 Ke6 59.Ra6+ Kf7 60.Ra7 Rxe7 61.Rxe7+ Kxe7 62.h5 Kf7 63.h6 Kg6  0-1

[Event "ch-Moscow KO"]
[Site "Moscow RUS"]
[Date "2011.05.18"]
[Round "1.2"]
[White "Nikolenko,O"]
[Black "Tilicheev,V"]
[Result "1/2-1/2"]
[WhiteElo "2537"]
[BlackElo "2361"]

1.e4 c5 2.Nf3 d6 3.Bb5+ Bd7 4.Bxd7+ Qxd7 5.O-O Nc6 6.c3 Nf6 7.d4 Nxe4 8.d5 Ne5
9.Nxe5 dxe5 10.Re1 Nf6 11.c4 g6 12.Rxe5 Bg7 13.Nc3 O-O 14.Bg5 Qc7 15.Re3 h6
16.Bh4 Qf4 17.Bg3 Qxc4 18.Rxe7 Rad8 19.d6 Nh5 20.Be5 Bxe5 21.Rxe5 Nf6 22.Nd5 Nxd5
23.Rxd5 Rd7 24.b3 Qa6 25.Qd2 Rfd8 26.Rd1 Qc6 27.h4 h5 28.Qf4 Re8 29.Re5 Rxe5
30.Qxe5 Qc8 31.Re1 Qd8 32.Qxc5 b6 33.Qb5 Kh7 34.Qc4 Kg7 35.Qd4+ Qf6 36.Rd1 Qxd4
37.Rxd4 Kf6 38.f3 Ke5 39.Re4+  1/2-1/2

[Event "20th Croatian Cup"]
[Site "Sibenik CRO"]
[Date "2011.05.18"]
[Round "1.123"]
[White "Vidovic,M"]
[Black "Radic,Antonio"]
[Result "1-0"]
[WhiteElo "2224"]
[BlackElo "1991"]

1.e4 c5 2.Nf3 d6 3.Bb5+ Bd7 4.Bxd7+ Qxd7 5.O-O Nc6 6.c3 e6 7.d4 cxd4 8.cxd4 Nf6
9.Qe2 Be7 10.Nc3 O-O 11.Rd1 Rae8 12.h3 h6 13.Be3 a6 14.Rac1 d5 15.Ne5 Qd8
16.Nxc6 bxc6 17.Qxa6 Qb8 18.e5 Nh7 19.Na4 Rc8 20.Rxc6 Rxc6 21.Qxc6 Rc8 22.Qa6 Bg5
23.f4 Bh4 24.Nc5 Rc7 25.Qe2 Ra7 26.a3 Nf8 27.Qc2 Ng6 28.Nxe6 Ne7 29.Nc5 g6
30.Bf2 Bxf2+ 31.Qxf2 Qb6 32.Rd3 Qb5 33.Qc2 Rc7 34.b4 Nf5 35.Qd2 h5 36.g4 hxg4
37.hxg4 Nh6 38.Rg3 Qc4 39.f5 Ra7 40.Rc3 Qb5 41.Rg3 Qc4 42.Qxh6 Qxd4+ 43.Qe3 Qa1+
44.Kh2 d4 45.Qd3 g5 46.f6 Qb2+ 47.Rg2 Qc1 48.Qd2 Qxd2 49.Rxd2  1-0

[Event "ch-Euro Indiv Women"]
[Site "Tbilisi GEO"]
[Date "2011.05.18"]
[Round "11"]
[White "Milliet,S"]
[Black "Shaidullina,S"]
[Result "1/2-1/2"]
[WhiteElo "2388"]
[BlackElo "2160"]

1.e4 c5 2.Nf3 d6 3.Bb5+ Bd7 4.Bxd7+ Qxd7 5.O-O Nf6 6.Re1 Nc6 7.c3 e6 8.d4 cxd4
9.cxd4 d5 10.e5 Ne4 11.Nbd2 Nxd2 12.Bxd2 Be7 13.Rc1 O-O 14.Rc3 Rac8 15.a3 a6
16.Rd3 f6 17.exf6 Rxf6 18.Bc3 b5 19.Rde3 Bd6 20.Qe2 Re8 21.g3 h6 22.Nd2 g5
23.Qg4 Qf7 24.h4 Rf5 25.Rf3 h5 26.Rxf5 hxg4 27.Rxf7 Kxf7 28.hxg5 Rg8 29.f4 gxf3
30.Nxf3 Bxg3 31.Re2 Bf4 32.Bd2 Bxd2 33.Rxd2 Kg6 34.Rc2 Na5 35.Rc7 Rf8 36.Kf2 Nc4
37.Rc6 Kf5 38.b3 Nxa3 39.Kg3 a5 40.g6 Kxg6 41.Rxe6+ Rf6 42.Re5 Rd6 43.Nh4+ Kf6
44.Nf5 Rc6 45.Rxd5 Rc3+ 46.Kf4 Rxb3 47.Rd6+ Kf7 48.Rd7+ Kf6 49.Rd6+ Kf7 50.Rd7+ Kf6  1/2-1/2

[Event "ch-CZE"]
[Site "Pardubice CZE"]
[Date "2011.05.19"]
[Round "8"]
[White "Polak,T"]
[Black "Votava,J"]
[Result "1-0"]
[WhiteElo "2526"]
[BlackElo "2541"]

1.e4 c5 2.Nf3 d6 3.Bb5+ Bd7 4.Bxd7+ Qxd7 5.O-O Nc6 6.c4 Nf6 7.Nc3 g6 8.d4 cxd4
9.Nxd4 Bg7 10.Nde2 O-O 11.f3 a6 12.a4 e6 13.Bg5 Rfd8 14.Kh1 h6 15.Bh4 g5
16.Bf2 Qe7 17.Re1 Nd7 18.b3 Be5 19.Qd2 Qf6 20.Rab1 Nf8 21.Rf1 Ne7 22.Be3 Nfg6
23.Rbd1 Nf4 24.g3 Nxe2 25.Nxe2 Qg6 26.Qd3 Bg7 27.f4 Qh5 28.Nd4 Nc6 29.Nf3 gxf4
30.gxf4 b5 31.cxb5 axb5 32.axb5 Nb4 33.Qc4 Na2 34.Bd4 Rac8 35.Qd3 e5 36.Ba1 Nb4
37.Qe2 Rc2 38.Rd2 Rdc8 39.Qg2 Rxd2 40.Nxd2 Qg6 41.Qxg6 fxg6 42.fxe5 dxe5
43.Nc4 Rb8 44.b6 Nd3 45.Kg2 Nc5 46.Bc3 Nxb3 47.Bb4 Rb7 48.Bd6 Nd4 49.Rb1 Nc6
50.Bc7 Bf8 51.Nxe5 Nxe5 52.Bxe5 Bc5 53.Bc7 Kf7 54.Rb5 Bd4 55.Kf3 Ke6 56.Ke2 g5
57.Kf3 Bg1 58.Kg4 Be3 59.h3 Kf6 60.Rb3 Bd4 61.Kh5 Kg7 62.e5 Bg1 63.e6 Kf6
64.Kxh6 Bc5 65.Rb5 Ba3 66.e7 Bxe7 67.Rxg5 Bb4 68.Rb5 Bd2+ 69.Kh5 Be3 70.Kg4  1-0

[Event "Robson-Finegold Classical Match"]
[Site "Saint Louis USA"]
[Date "2011.05.19"]
[Round "3"]
[White "Finegold,B"]
[Black "Robson,R"]
[Result "1/2-1/2"]
[WhiteElo "2494"]
[BlackElo "2545"]

1.e4 c5 2.Nf3 d6 3.Bb5+ Bd7 4.Bxd7+ Qxd7 5.O-O Nf6 6.e5 dxe5 7.Nxe5 Qc8 8.Qf3 e6
9.Nc3 Be7 10.d3 O-O 11.Bf4 Nfd7 12.Qg3 Nc6 13.Nxc6 Qxc6 14.Ne4 Kh8 15.Rfe1 Rad8
16.Bc7 Rde8 17.Nd6 Ra8 18.Nc4 Rac8 19.Bf4 Rfe8 20.Re4 b5 21.Ne5 Nxe5 22.Bxe5 f6
23.Bc3 b4 24.Rh4 bxc3 25.Qg6 h6 26.Rxh6+ gxh6 27.Qxh6+ Kg8 28.Qg6+ Kf8 29.Qh6+ Kf7
30.Qh7+ Kf8  1/2-1/2

[Event "46th Capablanca Memorial Open A"]
[Site "Havana CUB"]
[Date "2011.05.20"]
[Round "9.17"]
[White "Estrada Nieto,J"]
[Black "Abreu Delgado,A"]
[Result "1/2-1/2"]
[WhiteElo "2316"]
[BlackElo "2485"]

1.e4 c5 2.Nf3 d6 3.Bb5+ Nd7 4.d4 a6 5.Bxd7+ Bxd7 6.Nc3 cxd4 7.Qxd4 Rc8 8.Bg5 h6
9.Be3 e5 10.Qd3 Nf6 11.O-O-O Qc7 12.Nd2 b5 13.a3 Be7 14.f3 Be6 15.Kb1 Qb7
16.Nb3 b4 17.axb4 Qxb4 18.Qxa6 O-O 19.Qb6  1/2-1/2

[Event "46th Capablanca Memorial Open A"]
[Site "Havana CUB"]
[Date "2011.05.20"]
[Round "9.37"]
[White "Campos Vila,M"]
[Black "Morales Romero,R"]
[Result "1-0"]
[WhiteElo "2212"]
[BlackElo "2323"]

1.e4 c5 2.Nf3 d6 3.Bb5+ Nc6 4.O-O Bd7 5.Re1 g6 6.c3 Bg7 7.h3 a6 8.Bf1 e5
9.d3 Nge7 10.Bg5 O-O 11.Qd2 Qc7 12.Bh6 b5 13.Na3 Be6 14.d4 b4 15.Nc2 bxc3
16.bxc3 Na5 17.Bxg7 Kxg7 18.Ne3 f6 19.Nd5 Bxd5 20.exd5 Rfd8 21.dxe5 dxe5
22.c4 Rab8 23.g4 g5 24.Rad1 Nb7 25.h4 h6 26.hxg5 hxg5 27.Rxe5 fxe5 28.Qxg5+ Ng6
29.Nh4 Rd6 30.Bd3 Rg8 31.Nxg6 Kf7 32.Nxe5+ Kf8 33.Qf5+ Ke8 34.Re1 Qe7 35.Nf3  1-0

[Event "46th Capablanca Memorial Open A"]
[Site "Havana CUB"]
[Date "2011.05.20"]
[Round "9.40"]
[White "Diaz Hernandez,H"]
[Black "Gascon,Jose Rafael"]
[Result "0-1"]
[WhiteElo "2300"]
[BlackElo "2120"]

1.e4 c5 2.Nf3 d6 3.Bb5+ Bd7 4.Bxd7+ Qxd7 5.O-O Nf6 6.Re1 Nc6 7.c3 e6 8.d4 cxd4
9.cxd4 d5 10.e5 Ne4 11.Nbd2 Nxd2 12.Bxd2 Be7 13.Rc1 O-O 14.Rc3 Rac8 15.a3 Bd8
16.Rd3 b5 17.Ng5 h6 18.Nh3 f5 19.exf6 Bxf6 20.Qg4 Rf7 21.Qxe6 Nxd4 22.Qxd7 Rxd7
23.Bc3 Nc2 24.Rc1 Bxc3 25.Rxc2 Re8 26.g3 Ba5 27.Rc5 Re2 28.Rxb5 Bb6 29.Kg2 Rc2
30.a4 Rf7 31.Rf3 g5 32.a5 Bd4 33.Rxd5 Bxb2 34.Rd8+ Kg7 35.Rxf7+ Kxf7 36.Rd7+ Kf6
37.Rd6+ Kg7 38.Rd7+ Kf6 39.a6 Be5 40.Rxa7 g4 41.Ra8 gxh3+ 42.Kxh3 Ra2 43.Kg4 Bd4
44.f4 Ra5 45.f5 Ra4 46.h3 Ra3 47.h4 Bf2 48.Kh5 Bxg3 49.Kxh6 Bxh4 50.a7 Bg5+
51.Kh7 Kf7  0-1

[Event "ch-CZE"]
[Site "Pardubice CZE"]
[Date "2011.05.20"]
[Round "9"]
[White "Simacek,P"]
[Black "Babula,V"]
[Result "1/2-1/2"]
[WhiteElo "2462"]
[BlackElo "2566"]

1.e4 c5 2.Nf3 d6 3.Bb5+ Nc6 4.Bxc6+ bxc6 5.O-O Bg4 6.d3 Nf6 7.Nbd2 Nd7 8.h3 Bh5
9.Qe1 e5 10.Nh2 Be7 11.Nc4 Nf8 12.f4 exf4 13.Bxf4 Ne6 14.Qg3 Nxf4 15.Qxf4 O-O
16.Nf3 Re8 17.Rae1 Bg6 18.b3 d5 19.Ne3 c4 20.Nf5 cxd3 21.cxd3 dxe4 22.dxe4 a5
23.Kh1 a4 24.N3d4 Qd7 25.e5 axb3 26.axb3 Bf8 27.Nd6 Red8 28.Qf3 Ra6 29.Rc1 Bxd6
30.exd6 c5 31.Nf5 Bxf5  1/2-1/2